U.S States that Border: Groups - Statistics

General Stats
  • This quiz has been taken 43 times
  • The average score is 33 of 35
Answer Stats
Hint Answer % Correct
Tennessee Alabama
100%
Missouri Arkansas
100%
Tennessee Arkansas
100%
Colorado Arizona
97%
Missouri Illinois
97%
Missouri Kansas
97%
Colorado Kansas
97%
Missouri Kentucky
97%
Tennessee Kentucky
97%
Idaho Montana
97%
Pennsylvania New York
97%
Missouri Oklahoma
97%
Colorado Oklahoma
97%
Idaho Utah
97%
Colorado Utah
97%
Idaho Wyoming
97%
Colorado Wyoming
97%
Missouri Iowa
95%
Tennessee Mississippi
95%
Missouri Nebraska
95%
Colorado Nebraska
95%
Idaho Nevada
95%
Pennsylvania New Jersey
95%
Pennsylvania Ohio
95%
Colorado New Mexico
92%
Tennessee North Carolina
92%
Idaho Oregon
92%
Tennessee Virginia
92%
Idaho Washington
92%
Pennsylvania Delaware
89%
Tennessee Georgia
89%
Pennsylvania West Virginia
89%
Pennsylvania Maryland
86%
Missouri Tennessee
86%
Tennessee Missouri
81%
No matching quizzes found
Score Distribution
Percent of People with Each Score
Percentile by Number Answered
Your Score History
You have not taken this quiz